[Event "ESP-ch 74th"]
[Site "Palma de Mallorca"]
[Date "2009.09.30"]
[Round "5"]
[White "Recuero Guerra, David"]
[Black "Garcia Garcia, Ruben"]
[Result "1-0"]
[WhiteElo "2492"]
[BlackElo "2278"]
[PlyCount "65"]
[EventDate "2009.09.26"]
[EventType "swiss"]
[EventRounds "9"]
[EventCountry "ESP"]
[SourceTitle "CBM 132 Extra"]
[Source "ChessBase"]
[SourceDate "2009.11.03"]
[SourceVersion "1"]
[SourceVersionDate "2009.11.03"]
[SourceQuality "1"]

1. e4 c5 2. Nf3 Nc6 3. Nc3 Nf6 4. Bb5 Nd4 5. e5 Nxb5 6. Nxb5 Nd5 7. Ng5 f6 8. Qh5+ g6 9. Qf3 fxg5 10. Qxd5 Qb6 11. Nc3 Bg7 12. 0-0 Qc6 13. d3 h6 14. Re1 b6 15. Qxc6 dxc6 16. a4 Bf5 17. a5 Kd7 18. b3 Kc7 19. Bb2 Be6 20. Ne4 Rhd8 21. Ra3 Rab8 22. Nd6 Bc8 23. axb6+ axb6 24. Nxc8 Rdxc8 25. f3 Ra8 26. Rea1 Rxa3 27. Rxa3 Kb8 28. Ra1 Rd8 29. Kf2 b5 30. Bc3 Rd5 31. Rd1 Kc7 32. h3 Kd7 33. e6+ 1-0

[Event "Madrid-ch sf-B"]
[Site "Madrid"]
[Date "2007.01.26"]
[Round "6"]
[White "Cuadrado Lopez, Francisco Javier"]
[Black "Garcia Garcia, Ruben"]
[Result "1-0"]
[WhiteElo "1976"]
[BlackElo "2299"]
[PlyCount "51"]
[EventDate "2007.01.11"]
[EventType "swiss"]
[EventRounds "9"]
[EventCountry "ESP"]
[SourceTitle "EXT 2008"]
[Source "ChessBase"]
[SourceDate "2007.11.25"]
[SourceVersion "1"]
[SourceVersionDate "2007.11.25"]
[SourceQuality "1"]

1. e4 e5 2. Nf3 Nc6 3. Bb5 a6 4. Ba4 Nf6 5. 0-0 b5 6. Bb3 Be7 7. Re1 0-0 8. a4 Bb7 9. c3 d6 10. d4 h6 11. Nbd2 Re8 12. Nf1 Bf8 13. d5 Na5 14. Bc2 c5 15. b3 Qc7 16. h3 Rac8 17. N3h2 c4 18. b4 Nb3 19. Bxb3 cxb3 20. Bb2 Qc4 21. Nd2 Qd3 22. Rc1 bxa4 23. c4 Nxe4 24. Rxe4 Bxd5 25. Re3 Qg6 26. cxd5 1-0

[Event "ESP-ch op"]
[Site "Leon"]
[Date "2006.11.26"]
[Round "5"]
[White "Vehi Bach, Victor Manuel"]
[Black "Garcia Garcia, Ruben"]
[Result "1-0"]
[WhiteElo "2329"]
[BlackElo "2289"]
[PlyCount "119"]
[EventDate "2006.11.22"]
[EventType "swiss"]
[EventRounds "9"]
[EventCountry "ESP"]
[SourceTitle "CBM 115 Extra"]
[Source "ChessBase"]
[SourceDate "2007.01.10"]
[SourceVersion "1"]
[SourceVersionDate "2007.01.10"]
[SourceQuality "1"]

1. e4 c5 2. Nf3 Nc6 3. d4 cxd4 4. Nxd4 Nf6 5. Nc3 e5 6. Ndb5 d6 7. Bg5 a6 8. Na3 b5 9. Bxf6 gxf6 10. Nd5 Bg7 11. Bd3 Ne7 12. Nxe7 Qxe7 13. c4 0-0 14. 0-0 f5 15. Qh5 Qb7 16. Rfe1 d5 17. exd5 e4 18. Bf1 Rd8 19. Rad1 Qb6 20. b3 Rd6 21. Nc2 Rh6 22. Qg5 Qd6 23. g3 Bd7 24. Nd4 Qb6 25. Nxf5 Bxf5 26. Qxf5 Rf6 27. Qxe4 Qxf2+ 28. Kh1 bxc4 29. bxc4 Rb8 30. Re2 Qc5 31. Red2 Rbb6 32. Bd3 h6 33. Rf1 Rxf1+ 34. Bxf1 Bc3 35. Rd3 Rf6 36. Rf3 Rxf3 37. Qxf3 Qd4 38. Bd3 Bb4 39. Kg2 Qb2+ 40. Kh3 Qxa2 41. Qg4+ Kf8 42. Qf5 Qd2 43. Qc8+ Kg7 44. Qg4+ Kf8 45. Bf5 a5 46. Bd7 Qd3 47. Qf4 Qg6 48. Qf5 Kg7 49. Qxg6+ fxg6 50. Kg4 Kf6 51. Kf3 Bc5 52. Ke4 h5 53. Be8 Bd6 54. Kd4 Be5+ 55. Kc5 h4 56. gxh4 Bxh2 57. Kb6 Bg3 58. c5 Bxh4 59. c6 Bf2+ 60. Kb7 1-0

[Event "ESP-ch op"]
[Site "Leon"]
[Date "2006.11.22"]
[Round "1"]
[White "Fernandez Lopez, Miguel Angel"]
[Black "Garcia Garcia, Ruben"]
[Result "0-1"]
[WhiteElo "2072"]
[BlackElo "2289"]
[PlyCount "48"]
[EventDate "2006.11.22"]
[EventType "swiss"]
[EventRounds "9"]
[EventCountry "ESP"]
[SourceTitle "CBM 115 Extra"]
[Source "ChessBase"]
[SourceDate "2007.01.10"]
[SourceVersion "1"]
[SourceVersionDate "2007.01.10"]
[SourceQuality "1"]

1. d4 Nf6 2. Nf3 g6 3. e3 Bg7 4. c4 0-0 5. Nc3 d6 6. Be2 a5 7. 0-0 Nbd7 8. Nd2 e5 9. d5 Nc5 10. f3 Bh6 11. Nb3 Nxb3 12. Qxb3 Nd7 13. e4 Bxc1 14. Raxc1 Nc5 15. Qc2 Qg5 16. Rf2 f5 17. Rcf1 Bd7 18. Qc1 Qh4 19. g3 Qe7 20. Qd2 Rf7 21. Bd3 f4 22. g4 Qh4 23. Rg2 h5 24. h3 hxg4 0-1

[Event "Salamanca"]
[Site "Salamanca"]
[Date "2005.07.18"]
[Round "9"]
[White "Sanz Alonso, Francisco Javier"]
[Black "Garcia Garcia, Ruben"]
[Result "1-0"]
[WhiteElo "2368"]
[BlackElo "2343"]
[PlyCount "43"]
[EventDate "2005.07.10"]
[EventType "tourn"]
[EventRounds "9"]
[EventCountry "ESP"]
[EventCategory "7"]
[SourceTitle "CBM 107 Extra"]
[Source "ChessBase"]
[SourceDate "2005.09.01"]
[SourceVersion "1"]
[SourceVersionDate "2005.09.01"]
[SourceQuality "1"]

1. e4 c5 2. Nf3 Nc6 3. Bb5 Qc7 4. 0-0 e6 5. c3 a6 6. Ba4 b5 7. Bc2 Bb7 8. Re1 Nge7 9. d4 cxd4 10. cxd4 Ng6 11. Nc3 Be7 12. Be3 0-0 13. Rc1 Na5 14. Nd2 f5 15. exf5 exf5 16. Qh5 b4 17. Nce4 Qb6 18. d5 Qb5 19. d6 Bd8 20. Nc5 Nh4 21. Ba4 Qb6 22. Nce4 1-0

[Event "Salamanca"]
[Site "Salamanca"]
[Date "2005.07.15"]
[Round "6"]
[White "Ibarra Jerez, Jose Carlos"]
[Black "Garcia Garcia, Ruben"]
[Result "1-0"]
[WhiteElo "2439"]
[BlackElo "2343"]
[PlyCount "65"]
[EventDate "2005.07.10"]
[EventType "tourn"]
[EventRounds "9"]
[EventCountry "ESP"]
[EventCategory "7"]
[SourceTitle "CBM 107 Extra"]
[Source "ChessBase"]
[SourceDate "2005.09.01"]
[SourceVersion "1"]
[SourceVersionDate "2005.09.01"]
[SourceQuality "1"]

1. e4 c5 2. Nf3 Nc6 3. d4 cxd4 4. Nxd4 Nf6 5. Nc3 e5 6. Ndb5 d6 7. Bg5 a6 8. Na3 b5 9. Bxf6 gxf6 10. Nd5 Bg7 11. g3 f5 12. Bg2 fxe4 13. Bxe4 Be6 14. Qh5 Rc8 15. Rd1 Ne7 16. Nxe7 Qxe7 17. 0-0 b4 18. Nb1 Rc5 19. c3 a5 20. a3 bxa3 21. Nxa3 d5 22. b4 Rxc3 23. Nb5 Rc6 24. Bxd5 Bxd5 25. Rxd5 axb4 26. Rfd1 0-0 27. Nd6 Qf6 28. Nf5 b3 29. Rb5 Rb6 30. Rxb6 Qxb6 31. Qg4 Qf6 32. Rd6 Qxd6 33. Qxg7# 1-0

[Event "Navalmoral op 10th"]
[Site "Navalmoral"]
[Date "2004.12.08"]
[Round "9"]
[White "Narciso Dublan, Marc"]
[Black "Garcia Garcia, Ruben"]
[Result "1/2-1/2"]
[WhiteElo "2487"]
[BlackElo "2297"]
[PlyCount "78"]
[EventDate "2004.12.04"]
[EventType "swiss"]
[EventRounds "9"]
[EventCountry "ESP"]
[SourceTitle "CBM 103 Extra"]
[Source "ChessBase"]
[SourceDate "2005.01.01"]
[SourceVersion "1"]
[SourceVersionDate "2005.01.01"]
[SourceQuality "1"]

1. c4 d6 2. Nc3 g6 3. g3 Bg7 4. Bg2 Nc6 5. d3 f5 6. e3 Nf6 7. Nge2 0-0 8. 0-0 e5 9. Bd2 Kh8 10. Nd5 a5 11. Bc3 g5 12. Nxf6 Bxf6 13. f4 Qe8 14. Qd2 gxf4 15. exf4 Bd7 16. fxe5 dxe5 17. Bxc6 bxc6 18. d4 e4 19. d5 cxd5 20. Bxf6+ Rxf6 21. Qd4 Qe7 22. cxd5 Kg8 23. Rfc1 Qd6 24. Rxc7 Qxc7 25. Qxf6 Qc5+ 26. Qd4 Rc8 27. Qxc5 Rxc5 28. Nc3 Kg7 29. Kf2 Kf6 30. g4 Ke5 31. gxf5 Bxf5 32. Ke3 Rc8 33. Rd1 Rd8 34. Rd4 Rd6 35. Nxe4 Rxd5 36. Ra4 Bg6 37. Ng5 Kd6 38. Nf3 Kc6 39. Rf4 h5 1/2-1/2

[Event "Benidorm blitz 3rd"]
[Site "Benidorm"]
[Date "2004.11.28"]
[Round "7"]
[White "Garcia Garcia, Ruben"]
[Black "Fenollar Jorda, Manuel"]
[Result "0-1"]
[WhiteElo "2302"]
[BlackElo "2240"]
[PlyCount "135"]
[EventDate "2004.11.28"]
[EventType "swiss (blitz)"]
[EventRounds "9"]
[EventCountry "ESP"]
[SourceTitle "CBM 103 Extra"]
[Source "ChessBase"]
[SourceDate "2005.01.01"]
[SourceVersion "1"]
[SourceVersionDate "2005.01.01"]
[SourceQuality "1"]

1. e4 e5 2. Nf3 Nc6 3. Bb5 a6 4. Ba4 Nf6 5. 0-0 b5 6. Bb3 Bc5 7. c3 d6 8. d4 Bb6 9. h3 0-0 10. a4 Rb8 11. axb5 axb5 12. Re1 h6 13. Nbd2 Bb7 14. Nf1 Re8 15. Ng3 Na5 16. Bc2 c5 17. d5 Bc8 18. Nh4 Nxd5 19. Nhf5 Nf4 20. Bxf4 exf4 21. Nh5 Bxf5 22. exf5 Rxe1+ 23. Qxe1 Qg5 24. Qd1 Rd8 25. g4 fxg3 26. Nxg3 c4 27. Kg2 Qf4 28. Qf3 Qd2 29. Qe2 Qf4 30. Qf3 Qd2 31. Qe2 Qf4 32. Qf3 Qxf3+ 33. Kxf3 Nc6 34. Ra6 Ne5+ 35. Ke4 Bc5 36. f4 Nd3 37. Bxd3 Re8+ 38. Kd5 cxd3 39. Ne4 Be3 40. f6 d2 41. Ra1 Bxf4 42. Rd1 Re5+ 43. Kd4 Rh5 44. fxg7 Rxh3 45. Nxd2 Bxd2 46. Rxd2 Kxg7 47. Kd5 Rh5+ 48. Kxd6 Rg5 49. Rh2 h5 50. b3 Kg6 51. c4 bxc4 52. bxc4 Rg1 53. c5 Rc1 54. c6 Kg5 55. c7 h4 56. Kd7 Kg4 57. c8Q Rxc8 58. Kxc8 Kg3 59. Ra2 f5 60. Kd7 f4 61. Ke6 f3 62. Ra3 h3 63. Ra8 f2 64. Rg8+ Kf3 65. Ke5 f1Q 66. Rf8+ Ke2 67. Rxf1 Kxf1 68. Ke4 0-1

[Event "Benidorm blitz 3rd"]
[Site "Benidorm"]
[Date "2004.11.28"]
[Round "1"]
[White "Garcia Garcia, Ruben"]
[Black "Kuenitz, Klaus"]
[Result "1-0"]
[WhiteElo "2302"]
[BlackElo "1994"]
[PlyCount "53"]
[EventDate "2004.11.28"]
[EventType "swiss (blitz)"]
[EventRounds "9"]
[EventCountry "ESP"]
[SourceTitle "CBM 103 Extra"]
[Source "ChessBase"]
[SourceDate "2005.01.01"]
[SourceVersion "1"]
[SourceVersionDate "2005.01.01"]
[SourceQuality "1"]

1. e4 e6 2. d4 d5 3. Nc3 dxe4 4. Nxe4 Nd7 5. Nf3 Ngf6 6. Bg5 Be7 7. Bxf6 Nxf6 8. Bd3 0-0 9. Qe2 Nxe4 10. Qxe4 g6 11. h4 Qd5 12. Qe2 Bf6 13. c3 c5 14. Be4 Qd6 15. 0-0-0 cxd4 16. Nxd4 Qe5 17. g3 Qa5 18. Kb1 Bd7 19. h5 e5 20. Nb3 Qb5 21. Bd3 Qc6 22. Be4 Qb5 23. Qf3 Bc6 24. Bxc6 Qxc6 25. Qxc6 bxc6 26. Rd6 Kg7 27. h6+ 1-0

[Event "Benidorm blitz 3rd"]
[Site "Benidorm"]
[Date "2004.11.28"]
[Round "4"]
[White "Hostalet Ferrer, Pedro Enrique"]
[Black "Garcia Garcia, Ruben"]
[Result "1/2-1/2"]
[WhiteElo "2145"]
[BlackElo "2302"]
[PlyCount "119"]
[EventDate "2004.11.28"]
[EventType "swiss (blitz)"]
[EventRounds "9"]
[EventCountry "ESP"]
[SourceTitle "CBM 103 Extra"]
[Source "ChessBase"]
[SourceDate "2005.01.01"]
[SourceVersion "1"]
[SourceVersionDate "2005.01.01"]
[SourceQuality "1"]

1. d4 Nf6 2. c4 g6 3. Nc3 Bg7 4. e4 d6 5. Nf3 0-0 6. Be2 Nbd7 7. e5 Ne8 8. Bf4 c5 9. dxc5 dxe5 10. Nxe5 Qa5 11. Nxd7 Bxc3+ 12. bxc3 Bxd7 13. 0-0 Be6 14. Qb3 Qxc5 15. Qxb7 Ng7 16. Be3 Qa3 17. Bh6 Rfb8 18. Qf3 Nf5 19. Bf4 Rc8 20. Rfb1 h5 21. Rb3 Qa5 22. h3 a6 23. g4 hxg4 24. hxg4 Ng7 25. a3 Qc5 26. Rb4 a5 27. Rb5 Qc6 28. Qxc6 Rxc6 29. Bf3 Rxc4 30. Bxa8 Rxf4 31. f3 a4 32. Rb4 Rf6 33. Rxa4 Bd7 34. Rb4 Ra6 35. a4 Rxa8 36. a5 Ne6 37. a6 Nc5 38. a7 Kg7 39. Rb8 Bc6 40. Rxa8 Bxa8 41. Rb1 Bxf3 42. Rb8 Na4 43. c4 f5 44. gxf5 gxf5 45. Kf2 Be4 46. a8Q Bxa8 47. Rxa8 Nc5 48. Ra7 Kf6 49. Ke3 Ne4 50. Ra6+ Ke5 51. Ra5+ Ke6 52. Kf4 Nd6 53. Re5+ Kd7 54. c5 Nb7 55. Rxf5 Kc6 56. Re5 Nxc5 57. Rxe7 Kd5 58. Re5+ Kd4 59. Rxc5 Kxc5 60. Ke4 1/2-1/2

[Event "Benidorm blitz 3rd"]
[Site "Benidorm"]
[Date "2004.11.28"]
[Round "2"]
[White "Romero Briones, Antonio"]
[Black "Garcia Garcia, Ruben"]
[Result "0-1"]
[WhiteElo "2111"]
[BlackElo "2302"]
[PlyCount "84"]
[EventDate "2004.11.28"]
[EventType "swiss (blitz)"]
[EventRounds "9"]
[EventCountry "ESP"]
[SourceTitle "CBM 103 Extra"]
[Source "ChessBase"]
[SourceDate "2005.01.01"]
[SourceVersion "1"]
[SourceVersionDate "2005.01.01"]
[SourceQuality "1"]

1. d4 Nf6 2. Nf3 g6 3. c4 Bg7 4. Nc3 0-0 5. e4 d6 6. Be2 e5 7. d5 a5 8. 0-0 Nh5 9. Bg5 f6 10. Be3 Nf4 11. Bxf4 exf4 12. Qd2 Bh6 13. Nd4 Qe7 14. Rae1 Na6 15. Bf3 Qe5 16. a3 Bd7 17. Re2 a4 18. Rfe1 Nc5 19. Ndb5 Rfc8 20. Qd4 Qxd4 21. Nxd4 Nd3 22. Rd1 Ne5 23. Ne6 Kf7 24. Nd4 Nxc4 25. Rdd2 Nxd2 26. Rxd2 Ra5 27. Rc2 Rc5 28. Nxa4 Rxc2 29. Nxc2 Bxa4 30. Nd4 Bg7 31. Ne2 Bd1 32. Nxf4 Bxf3 33. gxf3 f5 34. exf5 Bxb2 35. fxg6+ hxg6 36. a4 c6 37. Nd3 Bd4 38. dxc6 bxc6 39. Nb4 Bc3 40. Na2 Bd2 41. Kf1 Re8 42. Kg2 Ra8 0-1

[Event "Benidorm op rap 1st"]
[Site "Benidorm"]
[Date "2004.11.20"]
[Round "3"]
[White "Minzer, Claudio Javier"]
[Black "Garcia Garcia, Ruben"]
[Result "1-0"]
[WhiteElo "2424"]
[BlackElo "2297"]
[PlyCount "141"]
[EventDate "2004.11.19"]
[EventType "swiss (rapid)"]
[EventRounds "9"]
[EventCountry "ESP"]
[SourceTitle "CBM 103 Extra"]
[Source "ChessBase"]
[SourceDate "2005.01.01"]
[SourceVersion "1"]
[SourceVersionDate "2005.01.01"]
[SourceQuality "1"]

1. d4 Nf6 2. c4 g6 3. Nc3 Bg7 4. e4 d6 5. f3 0-0 6. Bg5 a6 7. Qd2 Nbd7 8. Nge2 c5 9. Rd1 Qa5 10. Be3 b5 11. cxb5 axb5 12. dxc5 dxc5 13. a3 b4 14. axb4 cxb4 15. Nb1 Ba6 16. Nd4 Ne5 17. Bxa6 Qxa6 18. b3 Rfc8 19. Qe2 Nfd7 20. Qxa6 Rxa6 21. Ke2 Nc5 22. Rd2 Ned7 23. Rc1 Rb8 24. Nc6 Rb5 25. Bxc5 Nxc5 26. Rd8+ Bf8 27. Nxb4 Rd6 28. Rxd6 exd6 29. Nd5 Rxb3 30. Nd2 Rb2 31. Rb1 Rxb1 32. Nxb1 Bg7 33. Nd2 Kf8 34. Nc4 Nb7 35. f4 Ke8 36. g4 Kd7 37. h3 h6 38. Ke3 Nc5 39. f5 Be5 40. Nxe5+ dxe5 41. Nf6+ Kd6 42. Ng8 h5 43. gxh5 gxh5 44. Nf6 h4 45. Ng4 Nb3 46. Nf2 Ke7 47. Kf3 Nd4+ 48. Kg4 Kf6 49. Kxh4 Nxf5+ 50. exf5 Kxf5 51. Kg3 Kg5 52. Ng4 f6 53. h4+ Kg6 54. Ne3 f5 55. Nc4 Kf6 56. Kf3 Ke6 57. Ne3 Kf6 58. Nf1 Kg6 59. Kg3 Kh5 60. Kh3 Kg6 61. Nh2 e4 62. Nf1 f4 63. Kg4 f3 64. Ne3 f2 65. Kf4 Kh6 66. Nf1 Kg6 67. Kg4 Kh6 68. Kh3 Kg6 69. Kg2 Kh5 70. Kg3 Kh6 71. Kxf2 1-0

[Event "Internet Section 11A g/8'+2\""]
[Site "Dos Hermanas"]
[Date "2004.03.10"]
[Round "2"]
[White "Garcia Garcia, Ruben"]
[Black "Echavarria, Johann"]
[Result "0-1"]
[WhiteElo "2308"]
[BlackElo "2351"]
[PlyCount "106"]
[EventDate "2004.03.11"]
[EventType "swiss (blitz)"]
[EventRounds "9"]
[EventCountry "ESP"]
[SourceTitle "EXT 2005"]
[Source "ChessBase"]
[SourceDate "2004.11.15"]
[SourceVersion "1"]
[SourceVersionDate "2004.11.15"]
[SourceQuality "1"]

1. e4 c5 2. Nf3 Nc6 3. Nc3 e6 4. d4 cxd4 5. Nxd4 Nf6 6. Ndb5 d6 7. Bf4 d5 8. exd5 e5 9. dxc6 exf4 10. Qe2+ Be7 11. c7 Qd7 12. Rd1 Qe6 13. Nd6+ Bxd6 14. Rxd6 Qxe2+ 15. Bxe2 0-0 16. 0-0 Ne8 17. Rd4 g5 18. Bf3 Nxc7 19. Re1 Rb8 20. Re7 Ne6 21. Rd5 a6 22. Bh5 Kg7 23. Ne4 h6 24. Nd6 Kf6 25. Rxf7+ Rxf7 26. Rf5+ Ke7 27. Nxc8+ Rxc8 28. Rxf7+ Kd6 29. c3 Rc7 30. Kf1 Nc5 31. Ke2 Rxf7 32. Bxf7 Na4 33. Kf3 Nxb2 34. Kg4 Nd1 35. Kh5 Nxf2 36. Kxh6 g4 37. Kg5 Ke5 38. Bh5 g3 39. hxg3 fxg3 40. Bf3 b6 41. Kh4 Kf4 42. Kh5 Nd3 43. Bb7 a5 44. c4 Ke3 45. Kg4 Kf2 46. a4 Ne1 47. Kh3 Nd3 48. Kg4 Ne5+ 49. Kf4 Nxc4 50. Bc6 Ne3 51. Ke5 Nxg2 52. Kd5 Ne1 53. Kc4 Nf3 0-1

[Event "Castilla y Leon 1st"]
[Site "Palencia"]
[Date "2003.09.21"]
[Round "9.1"]
[White "Garcia Garcia, Ruben"]
[Black "Garcia Lopez, Miguel Angel"]
[Result "1/2-1/2"]
[WhiteElo "2314"]
[BlackElo "2153"]
[PlyCount "96"]
[EventDate "2003.09.15"]
[EventType "tourn"]
[EventRounds "9"]
[EventCountry "ESP"]
[EventCategory "4"]
[SourceTitle "EXT 2004"]
[Source "ChessBase"]
[SourceDate "2003.11.25"]
[SourceVersion "1"]
[SourceVersionDate "2003.11.25"]
[SourceQuality "1"]

1. e4 c5 2. Nf3 e6 3. d4 cxd4 4. Nxd4 Qb6 5. Nb3 Qc7 6. Bd3 Nf6 7. 0-0 d6 8. f4 Nbd7 9. Qe2 a6 10. N1d2 Be7 11. Nf3 e5 12. Nh4 Nc5 13. Nxc5 Qxc5+ 14. Be3 Qc7 15. fxe5 dxe5 16. Nf5 Bxf5 17. Rxf5 Bc5 18. Kh1 Bxe3 19. Qxe3 0-0 20. Raf1 Ne8 21. Qe2 Rc8 22. b3 b5 23. Qf3 g6 24. Qg3 f6 25. R5f3 Qe7 26. Qf2 Kg7 27. Qb6 Qd6 28. Qa5 Nc7 29. a4 Ne6 30. axb5 axb5 31. R3f2 Nd4 32. Qd2 Rcd8 33. Rb1 Nxc2 34. Rf3 Nb4 35. Rd1 Nxd3 36. Rxd3 Qxd3 37. Qxd3 Rxd3 38. Rxd3 Rf7 39. Rd5 Rb7 40. b4 Kf7 41. g4 Ke6 42. Rc5 Kd6 43. h4 h5 44. g5 fxg5 45. hxg5 Rb6 46. Kg2 Rb8 47. Kg3 Rb6 48. Rc8 Kd7 1/2-1/2

[Event "Castilla y Leon 1st"]
[Site "Palencia"]
[Date "2003.09.20"]
[Round "8.5"]
[White "San Emeterio Cabanes, Jose Luis"]
[Black "Garcia Garcia, Ruben"]
[Result "1/2-1/2"]
[WhiteElo "2337"]
[BlackElo "2314"]
[PlyCount "130"]
[EventDate "2003.09.15"]
[EventType "tourn"]
[EventRounds "9"]
[EventCountry "ESP"]
[EventCategory "4"]
[SourceTitle "EXT 2004"]
[Source "ChessBase"]
[SourceDate "2003.11.25"]
[SourceVersion "1"]
[SourceVersionDate "2003.11.25"]
[SourceQuality "1"]

1. e4 c5 2. Nf3 Nc6 3. Nc3 Nf6 4. Bb5 Qc7 5. 0-0 Nd4 6. Bc4 e6 7. d3 Ng4 8. g3 h5 9. Nxd4 cxd4 10. Nb5 Qb6 11. a4 Bc5 12. a5 Qd8 13. c3 a6 14. Nxd4 d5 15. exd5 exd5 16. Qe2+ Kf8 17. Bb3 Bxd4 18. cxd4 Be6 19. f3 Nh6 20. Bf4 Qe8 21. Qd2 Nf5 22. Ra4 Kg8 23. Rc1 Rc8 24. Rxc8 Bxc8 25. Bxd5 Qd8 26. Qc3 Ne7 27. Bb3 Kh7 28. Qc7 Qe8 29. Ra1 Ng6 30. Bxf7 Qe2 31. Bxg6+ Kxg6 32. Qe5 Qxf3 33. Qe4+ Qxe4 34. dxe4 Re8 35. Be5 Bh3 36. Rc1 Rf8 37. Bf4 Re8 38. Be5 Rf8 39. Bf4 Re8 40. Re1 Rc8 41. Re2 Kf6 42. Kf2 g5 43. Be3 Bg4 44. Rd2 Rc1 45. h4 gxh4 46. gxh4 Rh1 47. Bg5+ Ke6 48. Kg2 Re1 49. e5 Re2+ 50. Rxe2 Bxe2 51. Kf2 Bc4 52. Ke3 Kf5 53. Bd8 Bg8 54. Kd3 Bf7 55. Kc3 Ke4 56. Be7 Bg8 57. Bc5 Bf7 58. b4 Bg8 59. b5 Bf7 60. Kb4 Kd5 61. bxa6 bxa6 62. Kc3 Ke4 63. Bb6 Bg8 64. Bc7 Bf7 65. d5 Kxd5 1/2-1/2

[Event "Castilla y Leon 1st"]
[Site "Palencia"]
[Date "2003.09.19"]
[Round "6.4"]
[White "Borges Matos, Juan R"]
[Black "Garcia Garcia, Ruben"]
[Result "1-0"]
[WhiteElo "2441"]
[BlackElo "2314"]
[PlyCount "103"]
[EventDate "2003.09.15"]
[EventType "tourn"]
[EventRounds "9"]
[EventCountry "ESP"]
[EventCategory "4"]
[SourceTitle "EXT 2004"]
[Source "ChessBase"]
[SourceDate "2003.11.25"]
[SourceVersion "1"]
[SourceVersionDate "2003.11.25"]
[SourceQuality "1"]

1. d4 Nf6 2. Nf3 g6 3. c4 Bg7 4. Nc3 0-0 5. g3 d6 6. Bg2 Nc6 7. 0-0 a6 8. Re1 Rb8 9. Rb1 Na5 10. Qd3 b5 11. cxb5 d5 12. Nh4 axb5 13. b4 Nc4 14. a4 bxa4 15. Nxa4 Bd7 16. Nc5 Bb5 17. Bf4 Nh5 18. Bg5 Qd6 19. Bf3 Nf6 20. Bf4 e5 21. dxe5 Nxe5 22. Qc2 Qe7 23. Bg2 Nh5 24. Bc1 c6 25. Nf3 Nc4 26. e4 d4 27. Bf1 Nb6 28. Bb2 Bxf1 29. Kxf1 Rbd8 30. Rbd1 d3 31. Nxd3 Qe6 32. Bxg7 Kxg7 33. Kg2 Rfe8 34. h3 Nf6 35. Nc5 Qc4 36. Qb2 Rxd1 37. Rxd1 Rxe4 38. Nxe4 Qxe4 39. Qd4 Nbd5 40. Qxe4 Nxe4 41. Ne5 Nec3 42. Rd4 Nb5 43. Rc4 Na7 44. Kf3 f5 45. Nxc6 Nxc6 46. Rxc6 Nxb4 47. Rd6 Na2 48. Ke3 Nc3 49. f3 Kh6 50. Rd7 Na2 51. h4 Nc1 52. Rb7 1-0

[Event "Castilla y Leon 1st"]
[Site "Palencia"]
[Date "2003.09.18"]
[Round "5.3"]
[White "Garcia Garcia, Ruben"]
[Black "Escobar Forero, Alder"]
[Result "0-1"]
[WhiteElo "2314"]
[BlackElo "2400"]
[PlyCount "129"]
[EventDate "2003.09.15"]
[EventType "tourn"]
[EventRounds "9"]
[EventCountry "ESP"]
[EventCategory "4"]
[SourceTitle "EXT 2004"]
[Source "ChessBase"]
[SourceDate "2003.11.25"]
[SourceVersion "1"]
[SourceVersionDate "2003.11.25"]
[SourceQuality "1"]

1. e4 c5 2. Nf3 d6 3. d4 cxd4 4. Nxd4 Nf6 5. Nc3 a6 6. f3 e5 7. Nb3 Be6 8. Be3 Nbd7 9. g4 b5 10. g5 b4 11. Ne2 Nh5 12. Qd2 a5 13. Ng3 Nxg3 14. hxg3 a4 15. Nc1 Qa5 16. f4 g6 17. Bg2 a3 18. bxa3 bxa3 19. Qxa5 Rxa5 20. Nb3 Ra4 21. 0-0-0 Be7 22. Rh6 0-0 23. Rdh1 Rc8 24. Rxh7 Nf8 25. R7h6 Kg7 26. Bh3 Bxh3 27. R6xh3 Rxe4 28. Bd2 Rec4 29. c3 d5 30. fxe5 d4 31. Rh4 Rxc3+ 32. Bxc3 Bxg5+ 33. Kb1 Bxh4 34. Bxd4 Bxg3 35. e6+ f6 36. Rf1 Bh4 37. Nc5 Re8 38. Rf4 Bg5 39. Re4 Kg8 40. Re2 f5 41. Kc2 Be7 42. Rh2 Nh7 43. Rh6 Rc8 44. Rxg6+ Kf8 45. Kd3 Bxc5 46. Bxc5+ Rxc5 47. e7+ Ke8 48. Rg8+ Kxe7 49. Rg7+ Kf6 50. Rxh7 Rc1 51. Rh3 Ra1 52. Rh2 Kg5 53. Ke3 Re1+ 54. Kf3 Rf1+ 55. Ke3 Rb1 56. Rh8 Rb2 57. Rg8+ Kf6 58. Kf3 Rxa2 59. Rg1 Rb2 60. Rg8 Rb3+ 61. Kf2 Ke5 62. Ra8 Kd4 63. Ra5 Kc3 64. Re5 a2 65. Re1 0-1

[Event "Castilla y Leon 1st"]
[Site "Palencia"]
[Date "2003.09.17"]
[Round "3.4"]
[White "Garcia Garcia, Ruben"]
[Black "Vidarte Morales, Arturo"]
[Result "1-0"]
[WhiteElo "2314"]
[BlackElo "2387"]
[PlyCount "65"]
[EventDate "2003.09.15"]
[EventType "tourn"]
[EventRounds "9"]
[EventCountry "ESP"]
[EventCategory "4"]
[SourceTitle "EXT 2004"]
[Source "ChessBase"]
[SourceDate "2003.11.25"]
[SourceVersion "1"]
[SourceVersionDate "2003.11.25"]
[SourceQuality "1"]

1. e4 c5 2. Nf3 d6 3. d4 cxd4 4. Nxd4 Nf6 5. Nc3 Nc6 6. f3 e6 7. Be3 a6 8. g4 Nxd4 9. Qxd4 b5 10. g5 Nd7 11. 0-0-0 Bb7 12. f4 Qa5 13. Kb1 b4 14. Ne2 Qc5 15. Qd2 Qa5 16. Ng3 Nc5 17. Qd4 Rc8 18. Bc4 Qc7 19. b3 Na4 20. Bd2 e5 21. fxe5 dxe5 22. Qf2 Bc5 23. Qf3 Nc3+ 24. Bxc3 bxc3 25. Rhf1 0-0 26. Nh5 Qa5 27. Nxg7 Qa3 28. Qxc3 Bb4 29. Qxe5 Rxc4 30. Nf5 f6 31. Qe6+ Kh8 32. Qxc4 Bxe4 33. gxf6 1-0

[Event "Castilla y Leon 1st"]
[Site "Palencia"]
[Date "2003.09.15"]
[Round "1.5"]
[White "Garcia Garcia, Ruben"]
[Black "Guerra Bastida, Diego"]
[Result "0-1"]
[WhiteElo "2314"]
[BlackElo "2409"]
[PlyCount "54"]
[EventDate "2003.09.15"]
[EventType "tourn"]
[EventRounds "9"]
[EventCountry "ESP"]
[EventCategory "4"]
[SourceTitle "EXT 2004"]
[Source "ChessBase"]
[SourceDate "2003.11.25"]
[SourceVersion "1"]
[SourceVersionDate "2003.11.25"]
[SourceQuality "1"]

1. e4 c5 2. Nf3 d6 3. d4 cxd4 4. Nxd4 Nf6 5. Nc3 g6 6. Be3 Bg7 7. f3 0-0 8. Qd2 Nc6 9. Bc4 Bd7 10. h4 h5 11. 0-0-0 Rc8 12. Bb3 Ne5 13. Bg5 Rc5 14. Kb1 b5 15. g4 a5 16. a3 b4 17. axb4 axb4 18. Nd5 Nxd5 19. Bxd5 Rxd5 20. exd5 Qa5 21. Nb3 Qa4 22. Qf4 Ra8 23. Bxe7 Qa2+ 24. Kc1 Rc8 25. Qxb4 Nd3+ 26. Rxd3 Qxb2+ 27. Kd2 Rxc2+ 0-1

[Event "ESP-ch op"]
[Site "Ayamonte"]
[Date "2002.10.10"]
[Round "7"]
[White "Garcia Garcia, Ruben"]
[Black "Candela Perez, Jose"]
[Result "1/2-1/2"]
[WhiteElo "2263"]
[BlackElo "2427"]
[PlyCount "54"]
[EventDate "2002.10.04"]
[EventType "swiss"]
[EventRounds "9"]
[EventCountry "ESP"]
[SourceTitle "EXT 2005"]
[Source "ChessBase"]
[SourceDate "2004.11.15"]
[SourceVersion "1"]
[SourceVersionDate "2004.11.15"]
[SourceQuality "1"]

1. e4 c5 2. Nc3 d6 3. f4 Nc6 4. Nf3 e6 5. Bb5 Nge7 6. 0-0 a6 7. Bxc6+ Nxc6 8. d4 cxd4 9. Nxd4 Qb6 10. Be3 Qxb2 11. Qd3 Qa3 12. Rab1 Qa5 13. Nxc6 bxc6 14. f5 d5 15. fxe6 Bxe6 16. Qd4 dxe4 17. Nxe4 Rd8 18. Qa7 Qe5 19. Rbe1 Be7 20. Bb6 Qb8 21. Qxa6 Bc4 22. Qxc4 Qxb6+ 23. Nf2 Qc7 24. Qe4 Rd7 25. Ng4 0-0 26. Ne5 Rd6 27. Nxc6 Rxc6 1/2-1/2